[Event "2019 Tom Weston Open Major"]
[Site "Cardiff"]
[Date "2019.04.20"]
[Round "3.6"]
[White "Borkowski, J Andrew"]
[Black "Camp, Syringa Lyn"]
[Result "1/2-1/2"]
[WhiteElo "1796"]
[BlackElo "1655"]
[PlyCount "53"]
[EventDate "2019.04.19"]
[EventType "swiss"]
[EventRounds "7"]
[EventCountry "WLS"]

1. e4 {[%emt 0:00:52]} c5 {[%emt 0:00:06]} 2. g3 {[%emt 0:00:04]} Nc6 {[%emt 0:
00:24]} 3. Bg2 {[%emt 0:00:16]} d6 {[%emt 0:01:20]} 4. Nf3 {[%emt 0:00:32]} Nf6
{[%emt 0:01:49]} 5. d3 {[%emt 0:00:08]} e6 {[%emt 0:05:33]} 6. O-O {[%emt 0:00:
19]} Be7 {[%emt 0:00:06]} 7. c3 {[%emt 0:00:11]} O-O {[%emt 0:00:45]} 8. a3 {
[%emt 0:00:10]} Qc7 {[%emt 0:02:00]} 9. b4 {[%emt 0:00:41]} c4 {[%emt 0:03:03]}
10. Re1 {[%emt 0:04:30]} cxd3 {[%emt 0:06:33]} 11. Qxd3 {[%emt 0:00:22]} Ng4 {
[%emt 0:03:04]} 12. Bb2 {[%emt 0:05:29]} Nce5 {[%emt 0:03:05]} 13. Nxe5 {
[%emt 0:00:29]} Nxe5 {[%emt 0:00:11]} 14. Qe2 {[%emt 0:01:49]} Nc4 {[%emt 0:01:
20]} 15. Ra2 {[%emt 0:09:59]} b5 {[%emt 0:12:49]} 16. Rc1 {[%emt 0:05:56]} Bd7
{[%emt 0:08:04]} 17. Nd2 {[%emt 0:04:32]} Rac8 {[%emt 0:06:28]} 18. Nxc4 {
[%emt 0:02:16]} Qxc4 {[%emt 0:03:27]} 19. Qxc4 {[%emt 0:00:59]} Rxc4 {[%emt 0:
00:12]} 20. f3 {[%emt 0:05:00]} Rfc8 {[%emt 0:03:47]} 21. Bf1 {[%emt 0:01:48]}
R4c7 {[%emt 0:00:09]} 22. Rd1 {[%emt 0:01:11]} Bc6 {[%emt 0:03:39]} 23. a4 {
[%emt 0:04:48]} a6 {[%emt 0:03:39]} 24. axb5 {[%emt 0:00:27]} axb5 {[%emt 0:02:
13]} 25. Kf2 {[%emt 0:13:10]} d5 {[%emt 0:03:05]} 26. exd5 {[%emt 0:06:57]}
exd5 {[%emt 0:00:09]} 27. f4 {[%emt 0:03:20]} 1/2-1/2

[Event "2019 Tom Weston Open Major"]
[Site "Cardiff"]
[Date "2019.04.20"]
[Round "3.7"]
[White "Di-Vetta, Andrew"]
[Black "Williams, Gavin"]
[Result "1-0"]
[WhiteElo "1730"]
[BlackElo "1646"]
[PlyCount "141"]
[EventDate "2019.04.19"]
[EventType "swiss"]
[EventRounds "7"]
[EventCountry "WLS"]

1. c4 {[%emt 0:00:02]} c5 {[%emt 0:00:11]} 2. Nc3 {[%emt 0:00:05]} Nf6 {
[%emt 0:00:11]} 3. g3 {[%emt 0:00:11]} Nc6 {[%emt 0:00:18]} 4. Bg2 {[%emt 0:00:
05]} d6 {[%emt 0:01:03]} 5. e3 {[%emt 0:00:12]} e6 {[%emt 0:00:33]} 6. Nge2 {
[%emt 0:00:39]} d5 {[%emt 0:00:31]} 7. cxd5 {[%emt 0:00:13]} exd5 {[%emt 0:00:
12]} 8. O-O {[%emt 0:00:26]} Be7 {[%emt 0:00:13]} 9. d4 {[%emt 0:00:26]} Be6 {
[%emt 0:00:39]} 10. a3 {[%emt 0:01:20]} O-O {[%emt 0:02:11]} 11. dxc5 {[%emt 0:
01:27]} Bxc5 {[%emt 0:00:15]} 12. Nf4 {[%emt 0:00:41]} Qd7 {[%emt 0:03:28]} 13.
b4 {[%emt 0:02:31]} d4 {[%emt 0:02:46]} 14. Nxe6 {[%emt 0:02:19]} Qxe6 {
[%emt 0:00:53]} 15. Na4 {[%emt 0:03:38]} Be7 {[%emt 0:01:51]} 16. b5 {[%emt 0:
01:53]} Na5 {[%emt 0:00:46]} 17. exd4 {[%emt 0:03:54]} Rfd8 {[%emt 0:01:18]}
18. Qe1 {[%emt 0:01:10]} Qxe1 {[%emt 0:06:46]} 19. Rxe1 {[%emt 0:00:07]} Bf8 {
[%emt 0:01:04]} 20. Bb2 {[%emt 0:01:42]} Nd5 {[%emt 0:05:09]} 21. Re5 {[%emt 0:
07:20]} Nf6 {[%emt 0:02:04]} 22. Rc1 {[%emt 0:05:00]} Rac8 {[%emt 0:03:43]} 23.
Ree1 {[%emt 0:09:04]} b6 {[%emt 0:06:23]} 24. Bh3 {[%emt 0:00:43]} Rxc1 {
[%emt 0:01:50]} 25. Rxc1 {[%emt 0:00:06]} Nb3 {[%emt 0:00:38]} 26. Rd1 {
[%emt 0:04:12]} Na5 {[%emt 0:01:12]} 27. Bf1 {[%emt 0:05:01]} Rc8 {[%emt 0:00:
36]} 28. Rc1 {[%emt 0:00:27]} Rd8 {[%emt 0:00:23]} 29. Rc7 {[%emt 0:01:45]} Rd7
{[%emt 0:00:59]} 30. Rxd7 {[%emt 0:00:58]} Nxd7 {[%emt 0:00:14]} 31. Nc3 {
[%emt 0:01:01]} Nf6 {[%emt 0:01:18]} 32. Bd3 {[%emt 0:01:42]} Bd6 {[%emt 0:03:
37]} 33. f3 {[%emt 0:01:24]} Be7 {[%emt 0:02:05]} 34. Kf2 {[%emt 0:00:14]} Kf8
{[%emt 0:00:46]} 35. h3 {[%emt 0:02:39]} h6 {[%emt 0:00:21]} 36. g4 {[%emt 0:
00:39]} Nb3 {[%emt 0:01:52]} 37. Ke3 {[%emt 0:00:44]} Na5 {[%emt 0:00:44]} 38.
h4 {[%emt 0:00:40]} Nd7 {[%emt 0:00:19]} 39. h5 {[%emt 0:00:28]} Nf6 {[%emt 0:
03:11]} 40. Na2 {[%emt 0:08:31]} Nb7 {[%emt 0:01:10]} 41. Nc1 {[%emt 0:02:55]}
Nd6 {[%emt 0:00:46]} 42. Ne2 {[%emt 0:01:22]} Nd5+ {[%emt 0:00:51]} 43. Kd2 {
[%emt 0:01:32]} Bg5+ {[%emt 0:01:15]} 44. Kc2 {[%emt 0:00:45]} Ne3+ {[%emt 0:
01:10]} 45. Kb3 {[%emt 0:00:53]} Nd5 {[%emt 0:00:18]} 46. a4 {[%emt 0:00:47]}
Nb7 {[%emt 0:00:34]} 47. Ba3+ {[%emt 0:06:59]} Ke8 {[%emt 0:00:55]} 48. Kb2 {
[%emt 0:00:19]} Na5 {[%emt 0:00:34]} 49. Nc3 {[%emt 0:01:02]} Ne3 {[%emt 0:00:
34]} 50. Bb4 {[%emt 0:03:43]} Nec4+ {[%emt 0:01:37]} 51. Bxc4 {[%emt 0:00:50]}
Nxc4+ {[%emt 0:00:11]} 52. Kc2 {[%emt 0:01:47]} Kd7 {[%emt 0:02:00]} 53. Ne4 {
[%emt 0:00:37]} Bf4 {[%emt 0:01:16]} 54. Kc3 {[%emt 0:01:12]} Ne3 {[%emt 0:01:
02]} 55. Bf8 {[%emt 0:02:00]} Nd5+ {[%emt 0:01:35]} 56. Kd3 {[%emt 0:01:16]} g6
{[%emt 0:00:31]} 57. hxg6 {[%emt 0:01:56]} fxg6 {[%emt 0:00:21]} 58. Nc3 {
[%emt 0:01:12]} Ke6 {[%emt 0:01:15]} 59. Ne2 {[%emt 0:00:57]} Bg5 {[%emt 0:00:
55]} 60. Ng3 {[%emt 0:00:35]} Kf7 {[%emt 0:00:28]} 61. Bd6 {[%emt 0:00:36]} Ne7
{[%emt 0:00:48]} 62. Ke4 {[%emt 0:02:30]} Ke6 {[%emt 0:00:30]} 63. Bb8 {
[%emt 0:05:01]} Nc8 {[%emt 0:00:19]} 64. d5+ {[%emt 0:00:20]} Kd7 {[%emt 0:00:
23]} 65. Kd3 {[%emt 0:00:38]} Bf6 {[%emt 0:00:39]} 66. Ne4 {[%emt 0:00:55]} Be7
{[%emt 0:00:17]} 67. Ke3 {[%emt 0:01:39]} Bd8 {[%emt 0:00:41]} 68. Kf4 {
[%emt 0:02:27]} Ke7 {[%emt 0:01:08]} 69. Ke5 {[%emt 0:00:52]} Kf7 {[%emt 0:00:
43]} 70. d6 {[%emt 0:00:35]} Ke8 {[%emt 0:02:31]} 71. Ke6 {[%emt 0:00:52]} 1-0

[Event "2019 Tom Weston Open Major"]
[Site "Cardiff"]
[Date "2019.04.20"]
[Round "3.8"]
[White "Hurn, Robert Aj"]
[Black "Evans, Thomas"]
[Result "1/2-1/2"]
[WhiteElo "1623"]
[BlackElo "1650"]
[PlyCount "45"]
[EventDate "2019.04.19"]
[EventType "swiss"]
[EventRounds "7"]
[EventCountry "WLS"]

1. d4 {[%emt 0:00:04]} f5 {[%emt 0:00:07]} 2. Nc3 {[%emt 0:00:07]} g6 {[%emt 0:
00:59]} 3. e4 {[%emt 0:00:54]} d6 {[%emt 0:01:55]} 4. Bc4 {[%emt 0:01:13]} fxe4
{[%emt 0:03:23]} 5. d5 {[%emt 0:14:15]} Nf6 {[%emt 0:07:42]} 6. Nge2 {[%emt 0:
07:23]} Bg7 {[%emt 0:03:02]} 7. Ng3 {[%emt 0:03:42]} O-O {[%emt 0:04:28]} 8.
Ngxe4 {[%emt 0:01:15]} Nxe4 {[%emt 0:01:35]} 9. Nxe4 {[%emt 0:00:15]} Nd7 {
[%emt 0:00:17]} 10. O-O {[%emt 0:03:05]} Ne5 {[%emt 0:01:56]} 11. Be2 {[%emt 0:
01:27]} c6 {[%emt 0:13:24]} 12. Be3 {[%emt 0:04:36]} Qa5 {[%emt 0:06:13]} 13.
c4 {[%emt 0:05:16]} Qb4 {[%emt 0:10:17]} 14. Qb3 {[%emt 0:02:42]} Qxb3 {
[%emt 0:01:40]} 15. axb3 {[%emt 0:00:12]} Ng4 {[%emt 0:00:11]} 16. Bxg4 {
[%emt 0:08:19]} Bxg4 {[%emt 0:00:22]} 17. Nc3 {[%emt 0:01:47]} a6 {[%emt 0:03:
08]} 18. f3 {[%emt 0:08:46]} Bf5 {[%emt 0:07:43]} 19. Rf2 {[%emt 0:00:35]} h6 {
[%emt 0:02:27]} 20. Rd1 {[%emt 0:01:16]} c5 {[%emt 0:07:02]} 21. Ne4 {[%emt 0:
05:32]} Kh7 {[%emt 0:06:42]} 22. Rc2 {[%emt 0:02:04]} Rfc8 {[%emt 0:06:28]} 23.
Kh1 {[%emt 0:00:45]} 1/2-1/2

[Event "2019 Tom Weston Open Major"]
[Site "Cardiff"]
[Date "2019.04.20"]
[Round "3.9"]
[White "Blackmore, Simon"]
[Black "Fraser, Susanna"]
[Result "0-1"]
[WhiteElo "1738"]
[BlackElo "1649"]
[PlyCount "78"]
[EventDate "2019.04.19"]
[EventType "swiss"]
[EventRounds "7"]
[EventCountry "WLS"]

1. e4 e5 {[%emt 0:00:58]} 2. Nf3 {[%emt 0:00:10]} Nc6 3. Bc4 {[%emt 0:00:39]}
Bc5 {[%emt 0:01:40]} 4. d3 {[%emt 0:01:18]} Nf6 {[%emt 0:00:36]} 5. Bg5 {
[%emt 0:00:47]} h6 {[%emt 0:00:02]} 6. Bh4 {[%emt 0:00:16]} d6 {[%emt 0:00:30]}
7. Nbd2 O-O {[%emt 0:03:16]} 8. h3 Qe7 {[%emt 0:01:50]} 9. Nb3 Bb6 {[%emt 0:07:
32]} 10. Qd2 Be6 {[%emt 0:06:43]} 11. Bxe6 Qxe6 {[%emt 0:04:28]} 12. g4 d5 {
[%emt 0:11:57]} 13. g5 hxg5 {[%emt 0:10:59]} 14. Nxg5 Qd6 {[%emt 0:13:19]} 15.
exd5 Qxd5 {[%emt 0:08:49]} 16. Rg1 e4 {[%emt 0:15:45]} 17. O-O-O exd3 {[%emt 0:
27:09]} 18. Qc3 Bd4 {[%emt 0:09:51]} 19. Qxd3 Rad8 {[%emt 0:09:46]} 20. Ne4
Bxb2+ {[%emt 0:20:26]} 21. Kxb2 Qe5+ {[%emt 0:04:00]} 22. Qc3 Nxe4 {[%emt 0:09:
28]} 23. Qxe5 Nxe5 {[%emt 0:01:28]} 24. Rxd8 Nc4+ {[%emt 0:06:19]} 25. Kc1 Rxd8
{[%emt 0:00:57]} 26. Bxd8 Nxf2 {[%emt 0:00:26]} 27. h4 Ne4 {[%emt 0:05:21]} 28.
Bxc7 Nc3 {[%emt 0:01:31]} 29. Rg4 Nxa2+ {[%emt 0:06:46]} 30. Kb1 Nc3+ {[%emt 0:
01:21]} 31. Ka1 Ne3 {[%emt 0:00:39]} 32. Rg3 Nxc2+ {[%emt 0:01:38]} 33. Kb2 Ne4
{[%emt 0:00:59]} 34. Rg4 Nf6 {[%emt 0:01:33]} 35. Rg1 Nb4 {[%emt 0:04:44]} 36.
Nc5 b6 {[%emt 0:01:12]} 37. Nb3 Nfd5 {[%emt 0:01:38]} 38. Nd4 Nxc7 {[%emt 0:01:
24]} 39. Rc1 Nd3+ {[%emt 0:02:43]} 0-1

[Event "2019 Tom Weston Open Major"]
[Site "Cardiff"]
[Date "2019.04.20"]
[Round "3.10"]
[White "Thomas, Roy"]
[Black "White, Sam"]
[Result "1-0"]
[WhiteElo "1737"]
[BlackElo "1498"]
[PlyCount "65"]
[EventDate "2019.04.19"]
[EventType "swiss"]
[EventRounds "7"]
[EventCountry "WLS"]
[WhiteClock "0:16:03"]
[BlackClock "0:02:44"]

1. f4 {[%emt 0:05:23]} d5 {[%emt 0:00:14]} 2. e3 {[%emt 0:00:09]} Nf6 {[%emt 0:
00:31]} 3. Nf3 {[%emt 0:00:04]} c5 {[%emt 0:03:19]} 4. Be2 {[%emt 0:00:33]} Nc6
{[%emt 0:01:42]} 5. d3 {[%emt 0:00:27]} e6 {[%emt 0:00:21]} 6. O-O {[%emt 0:00:
10]} Be7 {[%emt 0:01:05]} 7. Qe1 {[%emt 0:08:06]} O-O {[%emt 0:00:48]} 8. Nc3 {
[%emt 0:03:25]} a6 {[%emt 0:00:27]} 9. e4 {[%emt 0:02:11]} Re8 {[%emt 0:07:49]}
10. e5 {[%emt 0:08:24]} Nd7 {[%emt 0:00:12]} 11. Qg3 {[%emt 0:00:20]} Nf8 {
[%emt 0:05:56]} 12. h4 {[%emt 0:05:00]} b5 {[%emt 0:01:40]} 13. h5 {[%emt 0:04:
16]} Nd4 {[%emt 0:08:10]} 14. Nxd4 {[%emt 0:01:57]} cxd4 {[%emt 0:00:04]} 15.
Nb1 {[%emt 0:04:58]} f5 {[%emt 0:00:51]} 16. Nd2 {[%emt 0:01:37]} Qc7 {[%emt 0:
05:14]} 17. Bd1 {[%emt 0:00:07]} h6 {[%emt 0:14:51]} 18. Nf3 {[%emt 0:01:16]}
Qa7 {[%emt 0:04:28]} 19. Qh3 {[%emt 0:00:46]} Nh7 {[%emt 0:04:00]} 20. g4 {
[%emt 0:02:55]} fxg4 {[%emt 0:07:00]} 21. Qxg4 {[%emt 0:00:11]} Rf8 {[%emt 0:
00:15]} 22. Kf2 {[%emt 0:04:03]} Bd7 {[%emt 0:13:57]} 23. Rg1 {[%emt 0:00:51]}
Rf7 {[%emt 0:00:07]} 24. Nh4 {[%emt 0:11:48]} Bxh4+ {[%emt 0:00:18]} 25. Qxh4 {
[%emt 0:00:04]} Raf8 {[%emt 0:00:10]} 26. Bd2 {[%emt 0:01:26]} Bc8 {[%emt 0:02:
20]} 27. Be2 {[%emt 0:07:23]} Qc7 {[%emt 0:02:54]} 28. Rac1 {[%emt 0:01:39]}
Qxe5 {[%emt 0:00:17]} 29. Ke1 {[%emt 0:01:41]} Qf6 {[%emt 0:05:05]} 30. Qg3 {
[%emt 0:01:12]} Qe7 {[%emt 0:01:33]} 31. c3 {[%emt 0:01:30]} dxc3 {[%emt 0:07:
22]} 32. Bxc3 {[%emt 0:00:55]} Nf6 {[%emt 0:00:41]} 33. Qg6 {[%emt 0:06:14]}
1-0

[Event "2019 Tom Weston Open Major"]
[Site "Cardiff"]
[Date "2019.04.20"]
[Round "3.11"]
[White "Williams, Stephen"]
[Black "Fox, Chris"]
[Result "0-1"]
[WhiteElo "1644"]
[BlackElo "1685"]
[PlyCount "110"]
[EventDate "2019.04.19"]
[EventType "swiss"]
[EventRounds "7"]
[EventCountry "WLS"]

1. d4 {[%emt 0:00:05]} Nf6 {[%emt 0:00:11]} 2. c4 {[%emt 0:00:07]} e6 {[%emt 0:
00:05]} 3. Nf3 {[%emt 0:00:27]} b6 {[%emt 0:00:09]} 4. Bg5 {[%emt 0:00:43]} Be7
{[%emt 0:00:09]} 5. Nc3 {[%emt 0:00:41]} Bb7 {[%emt 0:00:08]} 6. e3 {[%emt 0:
01:34]} O-O {[%emt 0:00:08]} 7. Qc2 {[%emt 0:01:08]} d5 {[%emt 0:01:06]} 8.
cxd5 {[%emt 0:01:57]} Nxd5 {[%emt 0:00:55]} 9. Bxe7 {[%emt 0:00:53]} Qxe7 {
[%emt 0:00:28]} 10. a3 {[%emt 0:01:12]} Nd7 {[%emt 0:00:53]} 11. Rc1 {[%emt 0:
01:00]} c5 {[%emt 0:00:29]} 12. dxc5 {[%emt 0:03:11]} Nxc5 {[%emt 0:00:16]} 13.
Be2 {[%emt 0:01:58]} Rac8 {[%emt 0:00:40]} 14. O-O {[%emt 0:01:10]} Nxc3 {
[%emt 0:00:21]} 15. bxc3 {[%emt 0:01:39]} Rfd8 {[%emt 0:01:35]} 16. Rfd1 {
[%emt 0:05:25]} Be4 {[%emt 0:03:40]} 17. Qb2 {[%emt 0:02:49]} Bd3 {[%emt 0:02:
32]} 18. Nd4 {[%emt 0:03:22]} Bxe2 {[%emt 0:00:50]} 19. Qxe2 {[%emt 0:00:35]}
e5 {[%emt 0:02:24]} 20. Nf5 {[%emt 0:02:07]} Qf6 {[%emt 0:02:25]} 21. e4 {
[%emt 0:05:01]} g6 {[%emt 0:03:19]} 22. Nh6+ {[%emt 0:03:57]} Kg7 {[%emt 0:00:
27]} 23. Ng4 {[%emt 0:00:15]} Qe6 {[%emt 0:02:46]} 24. Rd5 {[%emt 0:04:44]}
Rxd5 {[%emt 0:02:38]} 25. exd5 {[%emt 0:00:19]} Qxd5 {[%emt 0:00:40]} 26. Qxe5+
{[%emt 0:00:13]} Qxe5 {[%emt 0:00:08]} 27. Nxe5 {[%emt 0:00:14]} Rd8 {[%emt 0:
02:11]} 28. Nc6 {[%emt 0:02:31]} Rd7 {[%emt 0:00:35]} 29. g3 {[%emt 0:01:11]}
Rc7 {[%emt 0:01:10]} 30. Nd4 {[%emt 0:01:53]} Kf6 31. f3 Ne6 32. Nxe6 Kxe6 {
[%emt 0:06:05]} 33. Kf2 Kd5 {[%emt 0:00:48]} 34. Ke3 Kc4 {[%emt 0:04:39]} 35.
Kd2 Rd7+ 36. Kc2 Rd3 37. Kb2 Rxf3 38. Rc2 f5 {[%emt 0:01:13]} 39. Rc1 {[%emt 0:
00:50]} Rf2+ {[%emt 0:00:06]} 40. Rc2 Rxc2+ {[%emt 0:00:14]} 41. Kxc2 g5 {
[%emt 0:00:16]} 42. h4 {[%emt 0:01:06]} h6 {[%emt 0:00:13]} 43. h5 b5 {[%emt 0:
00:41]} 44. Kd2 {[%emt 0:01:05]} Kb3 {[%emt 0:00:06]} 45. Kd3 {[%emt 0:00:24]}
Kxa3 {[%emt 0:00:02]} 46. Kd4 {[%emt 0:00:14]} Kb3 {[%emt 0:00:10]} 47. Ke5 {
[%emt 0:00:16]} Kxc3 {[%emt 0:00:25]} 48. Kxf5 {[%emt 0:00:06]} b4 {[%emt 0:00:
16]} 49. Kg6 {[%emt 0:00:08]} b3 {[%emt 0:00:12]} 50. Kxh6 {[%emt 0:00:13]} b2
{[%emt 0:00:07]} 51. Kxg5 {[%emt 0:00:17]} b1=Q 52. h6 {[%emt 0:00:33]} Qh7 {
[%emt 0:00:21]} 53. g4 {[%emt 0:00:05]} a5 {[%emt 0:00:12]} 54. Kh5 {[%emt 0:
00:05]} a4 {[%emt 0:00:44]} 55. g5 {[%emt 0:00:05]} Qf5 {[%emt 0:00:12]} 0-1

[Event "2019 Tom Weston Open Major"]
[Site "Cardiff"]
[Date "2019.04.20"]
[Round "3.12"]
[White "Parri, Deio"]
[Black "Sipho, Donovon"]
[Result "1/2-1/2"]
[WhiteElo "1652"]
[BlackElo "1486"]
[PlyCount "69"]
[EventDate "2019.04.19"]
[EventType "swiss"]
[EventRounds "7"]
[EventCountry "WLS"]

1. d4 {[%emt 0:06:00]} d5 {[%emt 0:00:20]} 2. c4 {[%emt 0:00:25]} c6 {[%emt 0:
00:16]} 3. Nc3 {[%emt 0:00:15]} Nf6 {[%emt 0:00:19]} 4. Nf3 {[%emt 0:00:43]} e6
{[%emt 0:01:01]} 5. e3 {[%emt 0:00:20]} dxc4 {[%emt 0:01:57]} 6. a4 {[%emt 0:
02:35]} Nd5 {[%emt 0:00:42]} 7. Bxc4 {[%emt 0:01:13]} Bb4 {[%emt 0:01:26]} 8.
Qc2 {[%emt 0:00:18]} O-O {[%emt 0:04:46]} 9. O-O {[%emt 0:00:35]} Nd7 {[%emt 0:
00:55]} 10. e4 {[%emt 0:01:24]} N5b6 {[%emt 0:02:32]} 11. Bd3 {[%emt 0:01:42]}
c5 {[%emt 0:02:00]} 12. Bg5 {[%emt 0:09:02]} f6 {[%emt 0:02:05]} 13. Be3 {
[%emt 0:06:43]} a5 {[%emt 0:06:02]} 14. Rfd1 {[%emt 0:13:34]} Qe7 {[%emt 0:02:
03]} 15. Na2 {[%emt 0:14:14]} cxd4 {[%emt 0:00:30]} 16. Bxd4 {[%emt 0:04:15]}
e5 {[%emt 0:00:37]} 17. Nxb4 {[%emt 0:01:43]} Qxb4 {[%emt 0:00:21]} 18. Bc3 {
[%emt 0:01:15]} Qe7 {[%emt 0:01:38]} 19. Qd2 {[%emt 0:04:58]} Nc5 {[%emt 0:02:
10]} 20. Bc2 {[%emt 0:08:44]} Nc4 {[%emt 0:00:06]} 21. Qe2 {[%emt 0:03:41]} Be6
{[%emt 0:01:19]} 22. b3 {[%emt 0:00:39]} Nd6 {[%emt 0:00:59]} 23. b4 {[%emt 0:
06:02]} Bc4 {[%emt 0:05:39]} 24. Qe3 {[%emt 0:04:16]} Na6 {[%emt 0:06:49]} 25.
bxa5 {[%emt 0:00:22]} Qc7 {[%emt 0:02:12]} 26. Qb6 {[%emt 0:03:53]} Rfd8 {
[%emt 0:03:44]} 27. Qxc7 {[%emt 0:00:31]} Nxc7 {[%emt 0:00:05]} 28. Bb4 {
[%emt 0:00:28]} Nf7 {[%emt 0:00:35]} 29. Nd2 {[%emt 0:01:03]} Be2 {[%emt 0:00:
22]} 30. Re1 {[%emt 0:00:29]} Na6 {[%emt 0:00:55]} 31. Rxe2 {[%emt 0:03:31]}
Nxb4 {[%emt 0:00:08]} 32. Bb3 {[%emt 0:00:14]} Nc6 {[%emt 0:00:24]} 33. Nc4 {
[%emt 0:01:22]} Nxa5 {[%emt 0:02:20]} 34. Nxa5 {[%emt 0:00:41]} Rxa5 {[%emt 0:
00:05]} 35. Rc2 1/2-1/2

[Event "2019 Tom Weston Open Major"]
[Site "Cardiff"]
[Date "2019.04.20"]
[Round "4.1"]
[White "Phillips, William"]
[Black "Timmins, Chris P"]
[Result "1/2-1/2"]
[WhiteElo "1843"]
[BlackElo "1888"]
[PlyCount "31"]
[EventDate "2019.04.19"]
[EventType "swiss"]
[EventRounds "7"]
[EventCountry "WLS"]

1. d4 {[%emt 0:00:02]} d5 {[%emt 0:00:18]} 2. Nf3 {[%emt 0:00:07]} Nf6 {
[%emt 0:00:10]} 3. c4 {[%emt 0:00:13]} e6 {[%emt 0:00:42]} 4. Nc3 {[%emt 0:01:
09]} Bb4 {[%emt 0:00:36]} 5. Bg5 {[%emt 0:01:55]} h6 {[%emt 0:00:18]} 6. Bxf6 {
[%emt 0:00:35]} Qxf6 {[%emt 0:00:08]} 7. e3 {[%emt 0:00:19]} O-O {[%emt 0:01:
13]} 8. Bd3 {[%emt 0:02:31]} dxc4 {[%emt 0:02:19]} 9. Bxc4 {[%emt 0:00:34]} a6
{[%emt 0:00:58]} 10. O-O {[%emt 0:04:47]} b5 {[%emt 0:04:56]} 11. Ne4 {[%emt 0:
03:35]} Qe7 {[%emt 0:03:25]} 12. Bd3 {[%emt 0:01:57]} Rd8 {[%emt 0:07:13]} 13.
Rc1 {[%emt 0:05:19]} Bb7 {[%emt 0:05:56]} 14. Nc5 {[%emt 0:07:26]} Bxf3 {
[%emt 0:11:19]} 15. Qxf3 {[%emt 0:01:11]} Nd7 {[%emt 0:00:22]} 16. Nxd7 {
[%emt 0:03:48]} 1/2-1/2

[Event "2019 Tom Weston Open Major"]
[Site "Cardiff"]
[Date "2019.04.20"]
[Round "4.2"]
[White "Summers, Charles"]
[Black "Quinn, Peter"]
[Result "1-0"]
[WhiteElo "1859"]
[BlackElo "1784"]
[PlyCount "53"]
[EventDate "2019.04.19"]
[EventType "swiss"]
[EventRounds "7"]
[EventCountry "WLS"]

1. d4 {[%emt 0:00:06]} Nf6 {[%emt 0:00:42]} 2. Nc3 {[%emt 0:00:02]} d5 {
[%emt 0:01:17]} 3. e4 {[%emt 0:00:03]} dxe4 {[%emt 0:01:07]} 4. f3 {[%emt 0:00:
02]} exf3 {[%emt 0:02:07]} 5. Nxf3 {[%emt 0:00:02]} g6 {[%emt 0:02:47]} 6. Bc4
{[%emt 0:00:08]} Bg4 {[%emt 0:01:56]} 7. Bxf7+ {[%emt 0:00:20]} Kxf7 {[%emt 0:
01:31]} 8. Ne5+ {[%emt 0:00:06]} Kg8 {[%emt 0:02:12]} 9. Nxg4 {[%emt 0:00:35]}
Bg7 {[%emt 0:02:31]} 10. Nh6+ {[%emt 0:04:07]} Bxh6 {[%emt 0:03:32]} 11. Bxh6 {
[%emt 0:00:04]} e6 {[%emt 0:02:45]} 12. O-O {[%emt 0:00:42]} Nbd7 {[%emt 0:03:
06]} 13. Qe2 {[%emt 0:09:57]} Qe7 {[%emt 0:04:17]} 14. Rae1 {[%emt 0:03:55]}
Re8 {[%emt 0:01:21]} 15. a3 {[%emt 0:04:52]} c6 {[%emt 0:02:50]} 16. Ne4 {
[%emt 0:05:01]} Nxe4 {[%emt 0:01:56]} 17. Qxe4 {[%emt 0:00:04]} Nf6 {[%emt 0:
01:41]} 18. Qh4 {[%emt 0:00:30]} Nd7 {[%emt 0:05:35]} 19. Qg3 {[%emt 0:05:24]}
Nf6 {[%emt 0:01:43]} 20. Rf3 {[%emt 0:07:34]} Nh5 {[%emt 0:02:49]} 21. Qe5 {
[%emt 0:04:45]} Ng7 {[%emt 0:02:39]} 22. g4 {[%emt 0:00:26]} Rf8 {[%emt 0:05:
15]} 23. Ref1 {[%emt 0:02:00]} Rxf3 {[%emt 0:01:36]} 24. Rxf3 {[%emt 0:00:02]}
a6 {[%emt 0:07:33]} 25. Bxg7 {[%emt 0:00:24]} Qxg7 {[%emt 0:00:40]} 26. Qxe6+ {
[%emt 0:00:44]} Qf7 {[%emt 0:00:10]} 27. Qxf7# {[%emt 0:00:10]} 1-0

[Event "2019 Tom Weston Open Major"]
[Site "Cardiff"]
[Date "2019.04.20"]
[Round "4.3"]
[White "Robinson, David"]
[Black "Buttell, David"]
[Result "0-1"]
[WhiteElo "1905"]
[BlackElo "1809"]
[PlyCount "84"]
[EventDate "2019.04.19"]
[EventType "swiss"]
[EventRounds "7"]
[EventCountry "WLS"]

1. d4 {[%emt 0:00:02]} d5 {[%emt 0:00:11]} 2. Nf3 {[%emt 0:00:20]} Nf6 {
[%emt 0:00:10]} 3. Bf4 {[%emt 0:00:21]} Bf5 {[%emt 0:01:06]} 4. e3 {[%emt 0:00:
39]} e6 {[%emt 0:00:14]} 5. Be2 {[%emt 0:01:26]} h6 {[%emt 0:00:51]} 6. O-O {
[%emt 0:00:59]} Nbd7 {[%emt 0:00:12]} 7. c4 {[%emt 0:00:40]} c6 {[%emt 0:00:48]
} 8. Qb3 {[%emt 0:01:14]} Qb6 {[%emt 0:00:30]} 9. c5 {[%emt 0:00:27]} Qxb3 {
[%emt 0:00:19]} 10. axb3 {[%emt 0:00:11]} Be7 {[%emt 0:02:55]} 11. b4 {[%emt 0:
01:38]} g5 {[%emt 0:01:22]} 12. Bg3 {[%emt 0:02:08]} Ne4 {[%emt 0:05:55]} 13.
Nc3 {[%emt 0:02:19]} h5 {[%emt 0:03:04]} 14. h3 {[%emt 0:03:51]} Nxg3 {[%emt 0:
07:39]} 15. fxg3 {[%emt 0:00:32]} g4 {[%emt 0:01:08]} 16. hxg4 {[%emt 0:01:10]}
hxg4 {[%emt 0:00:47]} 17. Nd2 {[%emt 0:02:49]} Bg5 {[%emt 0:01:19]} 18. Kf2 {
[%emt 0:00:36]} Ke7 {[%emt 0:03:16]} 19. b5 {[%emt 0:01:07]} e5 {[%emt 0:03:45]
} 20. bxc6 {[%emt 0:02:24]} bxc6 {[%emt 0:00:40]} 21. Ra6 {[%emt 0:02:54]} exd4
{[%emt 0:00:31]} 22. exd4 {[%emt 0:00:49]} Bxd2 {[%emt 0:00:45]} 23. Rxc6 {
[%emt 0:02:50]} Bxc3 {[%emt 0:00:22]} 24. bxc3 {[%emt 0:00:12]} a5 {[%emt 0:12:
01]} 25. Ra1 {[%emt 0:01:20]} a4 {[%emt 0:03:38]} 26. Bb5 {[%emt 0:00:29]} a3 {
[%emt 0:01:43]} 27. Rc7 {[%emt 0:01:22]} Kd8 {[%emt 0:04:28]} 28. Rb7 {[%emt 0:
01:14]} a2 {[%emt 0:03:31]} 29. c6 {[%emt 0:01:09]} Nf6 {[%emt 0:01:14]} 30.
Ke3 {[%emt 0:08:39]} Ne4 {[%emt 0:09:34]} 31. Kf4 {[%emt 0:01:20]} Be6 {
[%emt 0:04:03]} 32. c4 {[%emt 0:07:52]} Nd6 {[%emt 0:07:28]} 33. cxd5 {[%emt 0:
01:30]} Bf5 {[%emt 0:13:50]} 34. Ke5 {[%emt 0:02:20]} Nxb5 {[%emt 0:02:29]} 35.
Rxb5 {[%emt 0:00:22]} Bb1 {[%emt 0:01:20]} 36. Kf6 {[%emt 0:06:49]} Rh1 {
[%emt 0:00:42]} 37. Rb7 {[%emt 0:01:06]} Rf1+ {[%emt 0:00:29]} 38. Ke5 {
[%emt 0:00:48]} Bd3 {[%emt 0:01:39]} 39. Kd6 {[%emt 0:08:44]} Rxa1 {[%emt 0:01:
21]} 40. Rxf7 {[%emt 0:00:46]} Ke8 {[%emt 0:00:32]} 41. Re7+ {[%emt 0:02:38]}
Kf8 {[%emt 0:00:26]} 42. c7 {[%emt 0:01:33]} Rc1 {[%emt 0:00:37]} 0-1